000 00539nam a2200217Ia 4500
003 0100
008 130307s9999 xx 000 0 und d
040 _cARRUPELIB
050 _aBL80.2D313 1964
100 _aDanielou , Jean et. al.
245 _aIntroduction to the great religions
260 _aNotre Dame
260 _bFades Publishers , Inc.
260 _c1964
300 _a142p.
300 _b21cm.
650 _aRELIGION
650 _bPhilosophy, Oriental - Encyclopedias
700 _aLa Mothe , Albert J
942 0 0 _01
999 _c96605
_d96605